000 00423nam a22001817a 4500
003 OSt
008 260122b |||||||| |||| 00| 0 eng d
020 _a9789389108276
082 _a615.1 BOP
100 _aBothara, K.G
245 _aText Book of Pharmacology-II
250 _a8th
260 _aN.Delhi
_bNirali
_c2024
300 _a23.10,1.5
650 _aPharmacology-II
700 _aBothara, K.K
942 _2ddc
_cBK
999 _c13797
_d13797